MARC details
| 000 -LEADER |
| fixed length control field |
04161nam a22008295i 4500 |
| 005 - DATE AND TIME OF LATEST TRANSACTION |
| control field |
20230718140323.0 |
| 006 - FIXED-LENGTH DATA ELEMENTS--ADDITIONAL MATERIAL CHARACTERISTICS |
| fixed length control field |
m|||||o||d|||||||| |
| 007 - PHYSICAL DESCRIPTION FIXED FIELD--GENERAL INFORMATION |
| fixed length control field |
cr || |||||||| |
| 008 - FIXED-LENGTH DATA ELEMENTS--GENERAL INFORMATION |
| fixed length control field |
221201t20212021gw fo d z ger d |
| 020 ## - INTERNATIONAL STANDARD BOOK NUMBER |
| International Standard Book Number |
9783839459225 |
| 040 ## - CATALOGING SOURCE |
| Original cataloging agency |
DE-B1597 |
| Language of cataloging |
eng |
| Transcribing agency |
DE-B1597 |
| Description conventions |
rda |
| 041 0# - LANGUAGE CODE |
| Language code of text/sound track or separate title |
ger |
| 100 1# - MAIN ENTRY--PERSONAL NAME |
| Personal name |
Fuhrmann, Uwe, |
| Relator term |
author. |
| Relator code |
aut |
| -- |
http://id.loc.gov/vocabulary/relators/aut |
| 245 10 - TITLE STATEMENT |
| Title |
Feminismus in der frühen Gewerkschaftsbewegung (1890-1914) : |
| Remainder of title |
Die Strategien der Buchdruckerei-HilfsarbeiterInnen um Paula Thiede / |
| Statement of responsibility, etc. |
Uwe Fuhrmann. |
| 264 #1 - PRODUCTION, PUBLICATION, DISTRIBUTION, MANUFACTURE, AND COPYRIGHT NOTICE |
| Place of production, publication, distribution, manufacture |
Bielefeld : |
| Name of producer, publisher, distributor, manufacturer |
transcript Verlag, |
| Date of production, publication, distribution, manufacture, or copyright notice |
[2021] |
| 264 #4 - PRODUCTION, PUBLICATION, DISTRIBUTION, MANUFACTURE, AND COPYRIGHT NOTICE |
| Date of production, publication, distribution, manufacture, or copyright notice |
©2021 |
| 300 ## - PHYSICAL DESCRIPTION |
| Extent |
1 online resource (216 p.) |
| 336 ## - CONTENT TYPE |
| Content type term |
text |
| Content type code |
txt |
| Source |
rdacontent |
| 337 ## - MEDIA TYPE |
| Media type term |
computer |
| Media type code |
c |
| Source |
rdamedia |
| 338 ## - CARRIER TYPE |
| Carrier type term |
online resource |
| Carrier type code |
cr |
| Source |
rdacarrier |
| 347 ## - DIGITAL FILE CHARACTERISTICS |
| File type |
text file |
| Encoding format |
PDF |
| Source |
rda |
| 490 0# - SERIES STATEMENT |
| Series statement |
Forschung aus der Hans-Böckler-Stiftung ; |
| Volume/sequential designation |
199 |
| 505 00 - FORMATTED CONTENTS NOTE |
| Title |
Frontmatter -- |
| -- |
Inhalt -- |
| -- |
Geleitwort -- |
| -- |
1 Einleitung -- |
| -- |
2 Der Weg zu einer feministischen Gewerkschaft -- |
| -- |
3 Gewerkschaftliche Techniken der Emanzipation -- |
| -- |
4 Widerstände: Zwischen Antifeminismus und Lokalismus -- |
| -- |
5 Erfolge und Effekte -- |
| -- |
6 Weltfrauentag und Frauenwahlrecht -- |
| -- |
7 Schlussbetrachtung -- |
| -- |
8 Wissenschaftlicher Apparat |
| 506 0# - RESTRICTIONS ON ACCESS NOTE |
| Standardized terminology for access restriction |
unrestricted online access |
| Source of term |
star |
| 520 ## - SUMMARY, ETC. |
| Summary, etc. |
Paula Thiede war die erste Frau, die die Leitung einer Gewerkschaft übernahm. Möglich wurde dies durch die Handlungsmacht der gut organisierten Hilfsarbeiterinnen im Druckgewerbe. Gemeinsam mit solidarischen Kollegen entwickelten sie Strategien, um die Anliegen von Gleichberechtigung und Gewerkschaftsarbeit zu verbinden und ihre Interessen erfolgreich zu vertreten. Uwe Fuhrmann geht dieser Geschichte im Deutschen Kaiserreich nach, die die vergessenen Möglichkeiten einer ganzen Epoche demonstriert - und auch heute erstaunlich aktuell ist, wenn es um die Frage nach Gleich- und Ungleichbehandlung im Sinne der Emanzipation geht. |
| 536 ## - FUNDING INFORMATION NOTE |
| Text of note |
funded by Hans-Böckler-Stiftung |
| 538 ## - SYSTEM DETAILS NOTE |
| System details note |
Mode of access: Internet via World Wide Web. |
| 540 ## - TERMS GOVERNING USE AND REPRODUCTION NOTE |
| Terms governing use and reproduction |
This eBook is made available Open Access under a CC BY 4.0 license: |
| Uniform Resource Identifier |
<a href="https://creativecommons.org/licenses/by/4.0 ">https://creativecommons.org/licenses/by/4.0 </a> |
| -- |
<a href="https://www.degruyter.com/dg/page/open-access-policy">https://www.degruyter.com/dg/page/open-access-policy</a> |
| 546 ## - LANGUAGE NOTE |
| Language note |
In German. |
| 588 0# - SOURCE OF DESCRIPTION NOTE |
| Source of description note |
Description based on online resource; title from PDF title page (publisher's Web site, viewed 01. Dez 2022) |
| 650 #0 - SUBJECT ADDED ENTRY--TOPICAL TERM |
| Topical term or geographic name entry element |
Collective bargaining |
| General subdivision |
Printing industry |
| Geographic subdivision |
Germany. |
| 650 #0 - SUBJECT ADDED ENTRY--TOPICAL TERM |
| Topical term or geographic name entry element |
Labor union members |
| Geographic subdivision |
Germany |
| Form subdivision |
Biography. |
| 650 #0 - SUBJECT ADDED ENTRY--TOPICAL TERM |
| Topical term or geographic name entry element |
Labor unions |
| Geographic subdivision |
Germany |
| General subdivision |
History. |
| 650 #0 - SUBJECT ADDED ENTRY--TOPICAL TERM |
| Topical term or geographic name entry element |
Printing industry |
| General subdivision |
Employees |
| -- |
Labor unions |
| Geographic subdivision |
Germany |
| General subdivision |
History. |
| 650 #4 - SUBJECT ADDED ENTRY--TOPICAL TERM |
| Topical term or geographic name entry element |
Arbeit. |
| 650 #4 - SUBJECT ADDED ENTRY--TOPICAL TERM |
| Topical term or geographic name entry element |
Arbeitskampf. |
| 650 #4 - SUBJECT ADDED ENTRY--TOPICAL TERM |
| Topical term or geographic name entry element |
Deutsche Geschichte. |
| 650 #4 - SUBJECT ADDED ENTRY--TOPICAL TERM |
| Topical term or geographic name entry element |
Deutsches Kaiserreich. |
| 650 #4 - SUBJECT ADDED ENTRY--TOPICAL TERM |
| Topical term or geographic name entry element |
Deutschland. |
| 650 #4 - SUBJECT ADDED ENTRY--TOPICAL TERM |
| Topical term or geographic name entry element |
Druckerei. |
| 650 #4 - SUBJECT ADDED ENTRY--TOPICAL TERM |
| Topical term or geographic name entry element |
Emanzipation. |
| 650 #4 - SUBJECT ADDED ENTRY--TOPICAL TERM |
| Topical term or geographic name entry element |
Feminismus. |
| 650 #4 - SUBJECT ADDED ENTRY--TOPICAL TERM |
| Topical term or geographic name entry element |
Geschichte. |
| 650 #4 - SUBJECT ADDED ENTRY--TOPICAL TERM |
| Topical term or geographic name entry element |
Geschichtswissenschaft. |
| 650 #4 - SUBJECT ADDED ENTRY--TOPICAL TERM |
| Topical term or geographic name entry element |
Geschlecht. |
| 650 #4 - SUBJECT ADDED ENTRY--TOPICAL TERM |
| Topical term or geographic name entry element |
Geschlechtergeschichte. |
| 650 #4 - SUBJECT ADDED ENTRY--TOPICAL TERM |
| Topical term or geographic name entry element |
Gesellschaft. |
| 650 #4 - SUBJECT ADDED ENTRY--TOPICAL TERM |
| Topical term or geographic name entry element |
Sozialgeschichte. |
| 650 #4 - SUBJECT ADDED ENTRY--TOPICAL TERM |
| Topical term or geographic name entry element |
Wirtschaftsgeschichte. |
| 650 #7 - SUBJECT ADDED ENTRY--TOPICAL TERM |
| Topical term or geographic name entry element |
HISTORY / Social History. |
| Source of heading or term |
bisacsh |
| 653 ## - INDEX TERM--UNCONTROLLED |
| Uncontrolled term |
Economic History. |
| 653 ## - INDEX TERM--UNCONTROLLED |
| Uncontrolled term |
Emancipation. |
| 653 ## - INDEX TERM--UNCONTROLLED |
| Uncontrolled term |
Feminism. |
| 653 ## - INDEX TERM--UNCONTROLLED |
| Uncontrolled term |
Gender History. |
| 653 ## - INDEX TERM--UNCONTROLLED |
| Uncontrolled term |
Gender. |
| 653 ## - INDEX TERM--UNCONTROLLED |
| Uncontrolled term |
German Empire. |
| 653 ## - INDEX TERM--UNCONTROLLED |
| Uncontrolled term |
German History. |
| 653 ## - INDEX TERM--UNCONTROLLED |
| Uncontrolled term |
Germany. |
| 653 ## - INDEX TERM--UNCONTROLLED |
| Uncontrolled term |
History. |
| 653 ## - INDEX TERM--UNCONTROLLED |
| Uncontrolled term |
Labour Struggle. |
| 653 ## - INDEX TERM--UNCONTROLLED |
| Uncontrolled term |
Printing Company. |
| 653 ## - INDEX TERM--UNCONTROLLED |
| Uncontrolled term |
Social History. |
| 653 ## - INDEX TERM--UNCONTROLLED |
| Uncontrolled term |
Society. |
| 653 ## - INDEX TERM--UNCONTROLLED |
| Uncontrolled term |
Work. |
| 700 1# - ADDED ENTRY--PERSONAL NAME |
| Personal name |
Berger, Cornelia, |
| Relator term |
contributor. |
| Relator code |
ctb |
| -- |
https://id.loc.gov/vocabulary/relators/ctb |
| 710 2# - ADDED ENTRY--CORPORATE NAME |
| Corporate name or jurisdiction name as entry element |
Hans-Böckler-Stiftung |
| Relator term |
funder. |
| Relator code |
fnd |
| -- |
http://id.loc.gov/vocabulary/relators/fnd |
| 776 0# - ADDITIONAL PHYSICAL FORM ENTRY |
| Qualifying information |
print |
| International Standard Book Number |
9783837659221 |
| 856 40 - ELECTRONIC LOCATION AND ACCESS |
| Uniform Resource Identifier |
<a href="https://doi.org/10.1515/9783839459225?locatt=mode:legacy">https://doi.org/10.1515/9783839459225?locatt=mode:legacy</a> |
| Public note |
Open Access |
| -- |
0 |
| 856 40 - ELECTRONIC LOCATION AND ACCESS |
| Uniform Resource Identifier |
<a href="https://www.degruyter.com/isbn/9783839459225">https://www.degruyter.com/isbn/9783839459225</a> |
| Public note |
Open Access |
| -- |
0 |
| 856 42 - ELECTRONIC LOCATION AND ACCESS |
| Materials specified |
Cover |
| Uniform Resource Identifier |
<a href="https://www.degruyter.com/document/cover/isbn/9783839459225/original">https://www.degruyter.com/document/cover/isbn/9783839459225/original</a> |
| 942 ## - ADDED ENTRY ELEMENTS (KOHA) |
| Koha item type |
E-Book |